LEADER 01220nam0 2200325 450 001 000008126 005 20070718103847.0 010 $a88-14-10218-X 100 $a20070718d2003----km-y0itay50------ba 101 0 $aita$afre$aeng 102 $aIT 105 $ay-------001yy 200 1 $aDiritto contrattuale europeo e diritto dei consumatori$el'integrazione europea e il processo civile$emateriali del Seminario del 12 luglio 2002$fraccolti da Guido Alpa e Remo Danovi 210 $aMilano$cGiuffré$d2003 215 $aVI, 414 p.$d24 cm 225 2 $aRassegna forense. Quaderni$v11 300 $aIn testa al front.: Consiglio nazionale forense 410 0$12001$aRassegna forense. Quaderni$v11 517 1 $aDiritto contrattuale europeo e diritto dei consumatori. 610 1 $aConsumatori - Tutela - Diritto comunitario 610 1 $aContratti - Diritto comunitario 676 $a341.753$v21 702 1$aAlpa,$bGuido 702 1$aDanovi,$bRemo 712 02$aConsiglio nazionale forense 801 0$aIT$bUNIPARTHENOPE$c2007$gRICA$2UNIMARC 912 $a000008126 951 $aH0032$b036091$cNAVA3$d20070718 996 $aDiritto contrattuale europeo e diritto dei consumatori$9663704 997 $aUNIPARTHENOPE LEADER 03555nam 2200685Ia 450 001 9910459221403321 005 20200520144314.0 010 $a0-8173-8521-5 035 $a(CKB)2670000000030175 035 $a(EBL)547640 035 $a(OCoLC)648711529 035 $a(SSID)ssj0000456957 035 $a(PQKBManifestationID)11328433 035 $a(PQKBTitleCode)TC0000456957 035 $a(PQKBWorkID)10409334 035 $a(PQKB)11733175 035 $a(MiAaPQ)EBC547640 035 $a(MdBmJHUP)muse9330 035 $a(Au-PeEL)EBL547640 035 $a(CaPaEBR)ebr10408857 035 $a(EXLCZ)992670000000030175 100 $a20100226e20101975 ub 0 101 0 $aeng 135 $aur|n|---||||| 181 $ctxt 182 $cc 183 $acr 200 10$aArchaeological salvage in the Walter F. George Basin of the Chattahoochee River in Alabama$b[electronic resource] /$fDavid L. DeJarnette 210 $aTuscaloosa $cUniversity of Alabama Press$d2010, c1975 215 $a1 online resource (255 p.) 300 $aOriginally published: University : University of Alabama Press, 1975. 311 $a0-8173-5644-4 320 $aIncludes bibliographical references and index. 327 $aContents; Introduction; Part I The Preliminary Archaeological Survey of the Chattahoochee Valley Area in Alabama; 1. The Historic Tribes in the Survey Area; 2. Study and Analysis of the Survey Material; 3. Summary and Conclusions; Part II Archaeological Investigations in the Walter F. George Basin; 4. Excavations; 5. Summary and Conclusions; Part III Special Investigation of 1 Ru 101, The Spanish Fort Site; 6. Historical Background; 7. Excavations; 8. Summary and Conclusions; Bibliography; Index 330 $aDavid L. DeJarnette, the founder of scientific archaeology in the state of Alabama, reports on archaeological surveys and excavations undertaken in the Chattahoochee River Valley between 1947 and 1962. The three contributors, Wesley R. Hurt, Edward B. Kurjack, and Fred Lamar Pearson Jr., each made signal contributions to the archaeology of the southeastern states. With their mentor, David L. DeJarnette, they worked out a viable cultural chronology of the region from the earliest Paleoindian and Archaic foragers to the period of early European-Indian contact. They excavated key sites, incl 606 $aIndians of North America$zChattahoochee River Valley$xAntiquities 606 $aIndians of North America$zAlabama$xAntiquities 606 $aExcavations (Archaeology)$zChattahoochee River Valley 606 $aExcavations (Archaeology)$zAlabama 606 $aArchaeological surveying$zChattahoochee River Valley 607 $aChattahoochee River Valley$xAntiquities 607 $aAlabama$xAntiquities 607 $aWalter F. George Reservoir Region (Ala. and Ga.)$xAntiquities 607 $aChattahoochee River Valley$xHistory, Local 607 $aAlabama$xHistory, Local 608 $aElectronic books. 615 0$aIndians of North America$xAntiquities. 615 0$aIndians of North America$xAntiquities. 615 0$aExcavations (Archaeology) 615 0$aExcavations (Archaeology) 615 0$aArchaeological surveying 676 $a975.8 700 $aDeJarnette$b David L$g(David Lloyd),$f1907-1991.$01056707 801 0$bMiAaPQ 801 1$bMiAaPQ 801 2$bMiAaPQ 906 $aBOOK 912 $a9910459221403321 996 $aArchaeological salvage in the Walter F. George Basin of the Chattahoochee River in Alabama$92491256 997 $aUNINA LEADER 02096nam0 2200433 i 450 001 VAN00102906 005 20240806100721.662 017 70$2N$a978-1-4939-0603-1 100 $a20151013d2014 |0itac50 ba 101 $aeng 102 $aUS 105 $a|||| ||||| 200 1 $aTopics from australian conferences on teaching statistics$eOZCOTS 2008-2012$fHelen MacGillivray, Brian Phillips, Michael A. Martin editors 210 $aNew York$cSpringer$d2014 215 $aXXIII, 418 p.$cill.$d24 cm 410 1$1001VAN00102574$12001 $aSpringer proceedings in mathematics & statistics$1210 $aBerlin [etc.]$cSpringer$d2012-$v81 500 1$3VAN00239837$aTopics from australian conferences on teaching statistics$91410688 606 $a00B25$xProceedings of conferences of miscellaneous specific interest [MSC 2020]$3VANC020732$2MF 606 $a97K40$xDescriptive statistics (educational aspects) [MSC 2020]$3VANC031099$2MF 606 $a97K70$xFoundations and methodology of statistics (educational aspects) [MSC 2020]$3VANC031100$2MF 610 $aISI World Statistics Congress$9KW:K 610 $aInternational Association for Statistical Education$9KW:K 610 $aOZCOTS$9KW:K 610 $aStatistical education$9KW:K 610 $aStatistical thinking$9KW:K 610 $aTeaching statistics$9KW:K 620 $aUS$dNew York$3VANL000011 702 1$aMacGillivray$bHelen$3VANV080326 702 1$aMartin$bMichael A.$3VANV080328 702 1$aPhillips$bBrian$3VANV080327 712 $aSpringer $3VANV108073$4650 801 $aIT$bSOL$c20240906$gRICA 856 4 $uhttp://dx.doi.org/10.1007/978-1-4939-0603-1$zE-book ? Accesso al full-text attraverso riconoscimento IP di Ateneo, proxy e/o Shibboleth 899 $aBIBLIOTECA CENTRO DI SERVIZIO SBA$2VAN15 912 $fN 912 $aVAN00102906 950 $aBIBLIOTECA CENTRO DI SERVIZIO SBA$d15CONS SBA EBOOK 4635 $e15EB 4635 20191106 996 $aTopics from australian conferences on teaching statistics$91410688 997 $aUNICAMPANIA